000 00609nam a2200241Ia 4500
003 OSt
005 20221007075927.0
006 a|||||r|||| 00| 0
007 ta
008 221006b |||||||| |||| 00| 0 eng d
020 _cRs. 40/-
024 _a17,423
037 _cTextual
040 _aFLL
_cFLL
_beng
041 _2eng
_aeng
082 _aY.2, M5
100 _aJain Shashi K.
245 0 _aStudy on Indian society
260 _aNew Delhi
_bResearch Publications India
_c1985
300 _a247p
_ccm.
942 _hY.2, M5
_cTEXL
_2CC
999 _c1157844
_d1157844